00525nam a2200193Ia 4500003000400000005001700004008004100021040000700062041001200069082001500081100002300096245005800119260004500177300002800222365001300250650002900263650002200292700001700314OSt20250814105252.0210423s2000 xx 000 0 und d cAL aEnglish a323 bANDC aMichael R Anderson aChanging concepts of rights and justice in South Asia aNew DelhibOxford University Pressc2000 ax,288p.bPBc21.5x14cm. b245cINR aCivil & Political Rights aPolitical Science aGuha , Sumit